Around the USA in 90 days

Salvato in:
Dettagli Bibliografici
Natura: Libro
Pubblicazione: 1996
Tags: Aggiungi Tag
Nessun Tag, puoi essere il primo ad aggiungerne! !
Thư viện lưu trữ: Mạng thư viện Đại học Đà Nẵng
LEADER 00438nam a22001811a 4500
001 000037954
003 14249
005 20160412021205.0
008 160412s1996 000
082 |a 4A(07)1464 
245 |a Around the USA in 90 days  |c Bùi Quang Đông 
260 |c 1996 
OWN |a LNN 
999 |a From the UDN01 
TYP |a Monograph 
980 |a Mạng thư viện Đại học Đà Nẵng